000 01478nam0a22002891 4500
001 rc\4265536
005 20260407145354.0
021 _aRU
_bРг6048-65
035 _a(NLR Aleph) 008239404
090 _a8267607
_c8267607
100 _a20130416d1965 |||y0rusy50 ca
101 0 _arus
102 _aRU
105 _aa z |||||
200 1 _aДистанционный контроль состояния среды в лесосушильных камерах
_fГос. ком. по лесной, целлюлозно-бум., деревообрабатывающей пром-сти и лесному хозяйству при Госплане СССР. Центр. науч.-исслед. ин-т механ. обработки древесины "ЦНИИМОД"
210 _aМосква
_cБ. и.
_d1965
215 _a19 с., 9 отд. сбр. л. черт.
_d29
300 _aВ вып. дан. сост.: Е.С. Богданов доц. канд. техн. наук, П.В. Соколов
300 _aОтпеч. множит. аппаратом
700 1 _aБогданов
_bЕ.С.
_gЕвгений Сергеевич
_4220
701 1 _aСоколов
_bП.В.
_gПавел Васильевич
_4220
712 0 2 _aЦНИИ механической обработки древесины
_cАрхангельск
_3RU\NLR\AUTH\8810021629
_9541136
801 0 _aRU
_bNLR
_gpsbo
801 1 _aRU
_bELAR
_2rusmarc
852 _aNLR
_j65-8/1398
942 _cBOOK
980 _aNB